000 00378nam a22001457a 4500
008 230228b |||||||| |||| 00| 0 eng d
020 _a978-152-906-937-2
082 _a813.54
100 _aMaddie Mortimer
245 _aMaps of our spectacular bodies
260 _bPicador,
_c2022
300 _a437 p.
_c23.5 cm
942 _2ddc
999 _c9370
_d9371